| 000 | 00534nam a2200193Ia 4500 | ||
|---|---|---|---|
| 005 | 20250423101320.0 | ||
| 008 | 250422s9999 xx 000 0 und d | ||
| 020 | _a0952149753 | ||
| 050 | _aBP 252 .N85213/ | ||
| 100 | _aNursî, Said, Bediüzzaman Said Nursi, 1873-1960 | ||
| 245 | 4 | _aThe letters 2 | |
| 250 | _a2nd ed. | ||
| 260 | _aLondon | ||
| 260 | _bTruestar | ||
| 260 | _c1995 | ||
| 300 | _a469 p | ||
| 650 | _aNursî, Said, 1873-1960 -- Philosophy Islam -- Essence, genius, nature Islam -- Appreciation | ||
| 942 | _cBK | ||
| 999 |
_c35944 _d35944 |
||